[Event "C.to Regionale Lombardia"]
[Site "Saronno ITA"]
[Date "2013.05.26"]
[Round "5"]
[White "Biava, Pierluigi"]
[Black "Guzzetti, Luigi Enrico"]
[WhiteElo "1649"]
[BlackElo "1891"]
[Result "1/2-1/2"]
[PlyCount "125"]
[EventDate "2013.05.24"]

1. c4 Nf6 2. Nf3 g6 3. g3 Bg7 4. Bg2 O-O 5. O-O d6 6. Nc3 e5 7. d3 Nbd7 8. h3
a5 9. Be3 Re8 10. Qd2 c6 11. Bh6 Nc5 12. Bxg7 Kxg7 13. Ng5 Qe7 14. Rad1 h6 15.
Nge4 Nfxe4 16. Nxe4 Ne6 17. e3 f5 18. Nc3 Bd7 19. b3 Rab8 20. Qb2 Kh7 21. Kh2
Nc7 22. f4 Rf8 23. Qa3 b6 24. Rfe1 Qf6 25. Qc1 Ne6 26. Qa3 Nc7 27. Qb2 Rfe8 28.
Qd2 Qe6 29. fxe5 dxe5 30. d4 e4 31. d5 cxd5 32. cxd5 Qd6 33. Bf1 Rbd8 34. a4 h5
35. Bc4 Bc8 36. Qe2 Qf6 37. Nb5 Nxb5 38. Bxb5 Re5 39. Bc6 Rd6 40. Qb5 h4 41.
Rg1 hxg3+ 42. Rxg3 f4 43. exf4 Qxf4 44. Rf1 Qd2+ 45. Rg2 Qd3 46. Rg3 Qxb5 47.
axb5 Bf5 48. Re3 g5 49. Rg1 Kg6 50. Reg3 Bd7 51. h4 g4 52. Bxd7 Rxd7 53. Rxg4+
Kh5 54. Rg8 Rh7 55. Kh3 Rxd5 56. R1g5+ Rxg5 57. Rxg5+ Kh6 58. Re5 Rf7 59. Kg4
Rf3 60. Rxe4 Rxb3 61. Re6+ Kg7 62. Rxb6 a4 63. Ra6 1/2-1/2

[Event "C.to Regionale Lombardia"]
[Site "Saronno ITA"]
[Date "2013.05.26"]
[Round "5"]
[White "Botta, Massimiliano"]
[Black "Nordio, Giorgio"]
[WhiteElo "1622"]
[BlackElo "1668"]
[Result "0-1"]
[PlyCount "52"]
[EventDate "2013.05.24"]

1. e4 c6 2. d4 d5 3. Nc3 dxe4 4. Nxe4 Bf5 5. Ng3 Bg6 6. h4 h6 7. h5 Bh7 8. Nf3
Nd7 9. Bd3 Bxd3 10. Qxd3 Qc7 11. c4 e6 12. Ne2 Bb4+ 13. Bd2 Bxd2+ 14. Nxd2 Ngf6
15. Nc3 O-O-O 16. Nde4 Ne5 17. Qc2 Rxd4 18. Nxf6 gxf6 19. b3 Nd3+ 20. Kf1 Rhd8
21. f3 Nb4 22. Qf2 Rd2 23. Qxa7 Qg3 24. Qg1 Nc2 25. Ne4 Ne3+ 26. Qxe3 Qxg2+ 0-1

[Event "C.to Regionale Lombardia"]
[Site "Saronno ITA"]
[Date "2013.05.26"]
[Round "5"]
[White "Brioschi, Camillo"]
[Black "Bernasconi, Roberto"]
[WhiteElo "1756"]
[BlackElo "1944"]
[Result "1/2-1/2"]
[PlyCount "41"]
[EventDate "2013.05.24"]

1. d4 d5 2. c4 dxc4 3. Nf3 c5 4. dxc5 Qxd1+ 5. Kxd1 e6 6. e3 Bxc5 7. Bxc4 Nc6
8. Nc3 Nf6 9. Ke2 O-O 10. Rd1 b6 11. Bd2 Bb7 12. Kf1 Rfd8 13. Be1 Nb4 14. Rac1
Nbd5 15. a3 Nxc3 16. Bxc3 Ne4 17. Be1 Be7 18. Rxd8+ Rxd8 19. Bb5 Rc8 20. Rxc8+
Bxc8 21. Nd2 1/2-1/2

[Event "C.to Regionale Lombardia"]
[Site "Saronno ITA"]
[Date "2013.05.26"]
[Round "5"]
[White "Burani, Eugenio"]
[Black "Berni, Fabrizio"]
[WhiteElo "1876"]
[BlackElo "2117"]
[Result "1/2-1/2"]
[PlyCount "146"]
[EventDate "2013.05.24"]

1. e4 c5 2. Nf3 e6 3. d4 cxd4 4. Nxd4 a6 5. c4 Nf6 6. Bd3 Qc7 7. O-O Nc6 8.
Nxc6 dxc6 9. Nc3 e5 10. h3 Bc5 11. Qe2 Be6 12. Be3 Bxe3 13. Qxe3 O-O 14. Ne2
Rfd8 15. f4 exf4 16. Nxf4 Qe5 17. Nxe6 fxe6 18. Rad1 Rd4 19. Qf3 Rad8 20. b3 c5
21. Kh1 b6 22. Kg1 a5 23. Kh1 R4d7 24. Kg1 Rd4 25. Kh1 R8d7 26. Kg1 h6 27. Kh1
Rd8 28. Kg1 Kh8 29. Kh1 Kg8 30. Kg1 R4d7 31. Bb1 Rd2 32. Rxd2 Rxd2 33. Kh1 Rd4
34. Kg1 Rd8 35. Rd1 Rd4 36. Rf1 Rd2 37. Qe3 Rd7 38. Qf3 Kf8 39. Qf4 Qxf4 40.
Rxf4 Rd1+ 41. Rf1 Rxf1+ 42. Kxf1 Ke7 43. Ke2 Kd6 44. Ke3 Ke5 45. Bd3 Nh5 46.
Bf1 Nf4 47. g3 Nh5 48. g4 Nf6 49. Bg2 g5 50. Bf3 Nd7 51. a3 Nf8 52. Be2 Ng6 53.
Bd3 Ne7 54. Be2 Nc8 55. Bd1 Nd6 56. Bf3 a4 57. bxa4 Nxc4+ 58. Kd3 Nd6 59. Ke3
Nc4+ 60. Kd3 Nb2+ 61. Kc3 Nxa4+ 62. Kb3 b5 63. Be2 c4+ 64. Kb4 Kd4 65. Bd1 Nc3
66. Bc2 Nxe4 67. Kxb5 Nc3+ 68. Kb6 Nd5+ 69. Kb5 e5 70. a4 e4 71. a5 Nc3+ 72.
Kb4 Nd5+ 73. Kb5 Nc3+ 1/2-1/2

[Event "C.to Regionale Lombardia"]
[Site "Saronno ITA"]
[Date "2013.05.26"]
[Round "5"]
[White "Canciani, Alberto"]
[Black "Ruggeri, Igor"]
[WhiteElo "1576"]
[BlackElo "1578"]
[Result "0-1"]
[PlyCount "64"]
[EventDate "2013.05.24"]

1. e4 c5 2. Nf3 d6 3. c4 g6 4. Nc3 Bg7 5. d3 Nf6 6. h3 O-O 7. Be2 Nc6 8. Be3 e5
9. g4 a6 10. Qd2 Nd4 11. Bh6 Bxh6 12. g5 Nxf3+ 13. Bxf3 Bg7 14. gxf6 Qxf6 15.
Bg4 Qh4 16. Bxc8 Raxc8 17. Nd5 f5 18. Qe2 Kh8 19. Rh2 Rf7 20. O-O-O b5 21. b3
fxe4 22. Qxe4 Bh6+ 23. Kc2 Bf4 24. Nxf4 Rxf4 25. Qg2 Rcf8 26. Rd2 Qf6 27. Kb1
Qf5 28. cxb5 axb5 29. Qc6 Rf3 30. Rc2 Qxd3 31. Kb2 Qd4+ 32. Kc1 Rd3 0-1

[Event "C.to Regionale Lombardia"]
[Site "Saronno ITA"]
[Date "2013.05.26"]
[Round "5"]
[White "Carbone, Lorenzo"]
[Black "Aldeghi, Damiano"]
[WhiteElo "1595"]
[BlackElo "1441"]
[Result "1/2-1/2"]
[PlyCount "65"]
[EventDate "2013.05.24"]

1. e4 e5 2. Nf3 Nc6 3. Bb5 Nd4 4. Bc4 Nxf3+ 5. Qxf3 Qf6 6. Qb3 Bc5 7. O-O Bb6
8. Nc3 Ne7 9. Na4 O-O 10. Nxb6 Qxb6 11. Qg3 d6 12. d3 Ng6 13. a3 Nf4 14. Bxf4
exf4 15. Qxf4 Qxb2 16. Bb3 Be6 17. Qc1 Qxc1 18. Rfxc1 Bxb3 19. cxb3 c6 20. Rc2
f5 21. f3 fxe4 22. dxe4 Kf7 23. g3 Rae8 24. Rd2 Re6 25. Rad1 Ke7 26. Kg2 Ref6
27. Rd3 g5 28. g4 Re6 29. Kg3 Rg8 30. h4 h6 31. hxg5 hxg5 32. Rh1 Kf7 33. Rhd1
1/2-1/2

[Event "C.to Regionale Lombardia"]
[Site "Saronno ITA"]
[Date "2013.05.26"]
[Round "5"]
[White "Ceccarini, Marco"]
[Black "Rettore, Ludwig"]
[WhiteElo "2074"]
[BlackElo "2120"]
[Result "1-0"]
[PlyCount "117"]
[EventDate "2013.05.24"]

1. e4 c5 2. Nc3 d6 3. g3 Nc6 4. Bg2 g6 5. d3 Bg7 6. Be3 e6 7. Qd2 a6 8. Nge2
Nd4 9. Nd1 Bd7 10. c3 Nxe2 11. Qxe2 Ne7 12. Qd2 Nc6 13. O-O O-O 14. Bh6 Bxh6
15. Qxh6 b5 16. f4 Rc8 17. g4 Qf6 18. Ne3 Qg7 19. Qh4 f6 20. g5 fxg5 21. fxg5
Ne5 22. d4 cxd4 23. cxd4 Nd3 24. Ng4 Qxd4+ 25. Kh1 Rc2 26. Rxf8+ Kxf8 27. Rf1+
Ke8 28. Qxh7 Nf2+ 29. Nxf2 Rxf2 30. Qxg6+ Ke7 31. Rxf2 Qxf2 32. Qg7+ Kd8 33.
Qf6+ Qxf6 34. gxf6 Ke8 35. e5 dxe5 36. b4 Bc8 37. Be4 Kf7 38. Kg2 Kxf6 39. Kg3
Kg5 40. h4+ Kh5 41. Bc6 Kg6 42. Kg4 Kh6 43. Kf3 Kh5 44. Ke4 Kxh4 45. Kxe5 Kg3
46. Kd6 e5 47. Kxe5 Kf2 48. Kd6 Ke3 49. Kc7 Be6 50. a3 Kd4 51. Kb6 Kc4 52. Kxa6
Kb3 53. Kxb5 Kxa3 54. Kc5 Bc8 55. b5 Ka4 56. Kb6 Bf5 57. Ka7 Ka5 58. b6 Bc8 59.
Bd7 1-0

[Event "C.to Regionale Lombardia"]
[Site "Saronno ITA"]
[Date "2013.05.26"]
[Round "5"]
[White "D'Avino, Gianfranco"]
[Black "Cervini, Gian Piero"]
[WhiteElo "1851"]
[BlackElo "1776"]
[Result "0-1"]
[PlyCount "80"]
[EventDate "2013.05.24"]

1. d4 Nf6 2. c4 g6 3. g3 Bg7 4. Bg2 d6 5. Nf3 O-O 6. O-O c5 7. Nc3 cxd4 8. Nxd4
Nc6 9. Nxc6 bxc6 10. Bxc6 Rb8 11. Bg2 Bb7 12. Bxb7 Rxb7 13. Qc2 Qc8 14. Qd3 Qh3
15. Qf3 Rfb8 16. b3 Ng4 17. Qg2 Qxg2+ 18. Kxg2 Bxc3 19. Rb1 a5 20. Ba3 a4 21.
Rbc1 Bf6 22. b4 Ne5 23. c5 dxc5 24. bxc5 Nc6 25. Rc4 Bb2 26. Rxa4 Bxa3 27. Rxa3
Rb2 28. Ra6 Rc8 29. Rc1 Rxe2 30. a4 Ra2 31. h3 Kf8 32. Rc4 h5 33. Kg1 Ke8 34.
Kg2 Kd7 35. Rb6 Kc7 36. Re4 Ra8 37. Re1 R8xa4 38. Reb1 Ra7 39. R1b5 Rc2 40. Kf3
Nd4+ 0-1

[Event "C.to Regionale Lombardia"]
[Site "Saronno ITA"]
[Date "2013.05.26"]
[Round "5"]
[White "Damia, Angelo"]
[Black "Moroni, Luca Jr"]
[WhiteElo "2240"]
[BlackElo "2184"]
[Result "0-1"]
[PlyCount "146"]
[EventDate "2013.05.24"]

1. e4 c5 2. d4 cxd4 3. c3 Nf6 4. e5 Nd5 5. cxd4 d6 6. Nf3 Nc6 7. Bc4 Nb6 8. Bb5
dxe5 9. Nxe5 Bd7 10. Bxc6 Bxc6 11. Nxc6 bxc6 12. O-O e6 13. b3 Be7 14. Ba3 O-O
15. Qc2 Bxa3 16. Nxa3 Qxd4 17. Qxc6 Rfc8 18. Qf3 Qb4 19. Nb1 Rc2 20. a4 Nd5 21.
Na3 Rc3 22. Qe2 Rxb3 23. Nc4 Rc8 24. Ne5 g6 25. Rfe1 Rc7 26. Ng4 Qc3 27. h3 Rb2
28. Qa6 h5 29. Ne5 Qd4 30. Qf1 Rcc2 31. Nd3 Ra2 32. Rxa2 Rxa2 33. Ne5 Kg7 34.
Nf3 Qxa4 35. Qd3 Ra1 36. Rxa1 Qxa1+ 37. Kh2 a5 38. Nd4 Qc3 39. Qe4 Qc7+ 40. g3
Qd6 41. Nb5 Qb6 42. Qe5+ f6 43. Qe2 a4 44. Kg1 Qc5 45. Qb2 Qb4 46. Qe2 a3 47.
Nxa3 Qxa3 48. Qxe6 Ne7 49. Kg2 Qc5 50. Kg1 Qc1+ 51. Kh2 Qc7 52. Kg1 Nc6 53. Qc4
Qd7 54. h4 Ne5 55. Qe4 Qd1+ 56. Kg2 Qd3 57. Qb7+ Qd7 58. Qb8 Qc6+ 59. Kg1 Nf3+
60. Kf1 Qd7 61. Kg2 Ne1+ 62. Kf1 Nd3 63. Qb6 Ne5 64. Kg1 Qd1+ 65. Kh2 Kf7 66.
Qc7+ Ke6 67. Qc8+ Qd7 68. Qa6+ Qc6 69. Qa2+ Kf5 70. Qb1+ Qe4 71. Qb5 Kg4 72.
Kg1 Nf3+ 73. Kg2 Nd4+ 0-1

[Event "C.to Regionale Lombardia"]
[Site "Saronno ITA"]
[Date "2013.05.26"]
[Round "5"]
[White "Genocchio, Daniele"]
[Black "Sbarra, Marco"]
[WhiteElo "2415"]
[BlackElo "2263"]
[Result "1/2-1/2"]
[PlyCount "240"]
[EventDate "2013.05.24"]

1. e4 e5 2. Nf3 Nc6 3. Nc3 Nf6 4. d4 exd4 5. Nxd4 Bb4 6. Nxc6 bxc6 7. Bd3 d5 8.
exd5 cxd5 9. O-O O-O 10. h3 Be6 11. Qf3 Rb8 12. Bf4 Bd6 13. b3 c5 14. Rad1 Bxf4
15. Qxf4 Rb4 16. Qf3 Qc8 17. Rfe1 Rd8 18. Re5 d4 19. Ne4 Nxe4 20. Qxe4 g6 21.
Re1 c4 22. a3 cxd3 23. axb4 dxc2 24. Rc5 Qb8 25. Qxc2 Qxb4 26. Rc1 d3 27. Qc3
Qxb3 28. Qa1 Qb6 29. Rc6 Qd4 30. Qa3 d2 31. Rd1 Bc4 32. Rc7 Qd5 33. Rc5 Qd6 34.
Rxd2 Qxd2 35. Rxc4 Qe1+ 36. Kh2 Qxf2 37. Qe7 Rb8 38. Qe5 Rf8 39. Ra4 Qb6 40.
Qa1 Ra8 41. Ra6 Qc7+ 42. Kh1 h5 43. Kg1 Qg3 44. Ra3 Qf4 45. Rf3 Qd6 46. Qa2
Qc5+ 47. Kh1 Qc1+ 48. Kh2 Qc7+ 49. Kg1 Re8 50. Rf1 Re6 51. Qd5 a5 52. Kh1 Re5
53. Qa8+ Kg7 54. Qa6 Qe7 55. Qc4 Qe6 56. Qc3 Kg8 57. Ra1 Qf5 58. Qc4 Rc5 59.
Qd4 Qd5 60. Qa4 Kg7 61. Rf1 Qc4 62. Qa1+ Qc3 63. Qa2 Rc4 64. Qf2 Rc7 65. Qa2
Re7 66. Kh2 Qb4 67. Qa1+ Kg8 68. Rb1 Qd6+ 69. Kh1 Re5 70. Rd1 Rd5 71. Re1 Qd7
72. Rb1 Qd8 73. Re1 Rd4 74. Rf1 a4 75. Qc1 Qd7 76. Qc2 Rd2 77. Qe4 Rd4 78. Qa8+
Kg7 79. Qf3 Qe6 80. Qc3 Qc4 81. Qf3 Rd6 82. Kh2 Ra6 83. Ra1 Qc7+ 84. Kh1 Qe5
85. Qa3 Qd4 86. Kh2 g5 87. Kh1 g4 88. Rg1 Rf6 89. Re1 Rf4 90. Qg3 Qf2 91. Qc3+
Qd4 92. Qg3 Kg6 93. Rc1 f6 94. Qa3 Qd2 95. Rg1 Rb4 96. Rf1 Rf4 97. Rb1 h4 98.
Qf8 gxh3 99. Qe8+ Kg5 100. Qg8+ Kh6 101. Qf8+ Kg6 102. Qg8+ Kh6 103. gxh3 Qd7
104. Qh8+ Qh7 105. Qf8+ Qg7 106. Qb8 Rf5 107. Rg1 Rg5 108. Rf1 Rg3 109. Kh2 a3
110. Qf4+ Qg5 111. Qxf6+ Qxf6 112. Rxf6+ Kg5 113. Ra6 Rb3 114. Ra5+ Kf4 115.
Ra4+ Kf3 116. Rg4 a2 117. Ra4 Rb2+ 118. Kh1 Rb1+ 119. Kh2 a1=Q 120. Rxa1 Rxa1
1/2-1/2

[Event "C.to Regionale Lombardia"]
[Site "Saronno ITA"]
[Date "2013.05.26"]
[Round "5"]
[White "Lapiccirella, Daniele"]
[Black "Revinelli, Sergio"]
[WhiteElo "2211"]
[BlackElo "1827"]
[Result "1-0"]
[PlyCount "35"]
[EventDate "2013.05.24"]

1. d4 d5 2. c4 c6 3. Nf3 Nf6 4. e3 e6 5. Bd3 Nbd7 6. O-O Be7 7. Nc3 O-O 8. b3
b6 9. Bb2 Bb7 10. Qc2 Rc8 11. Ne5 c5 12. cxd5 exd5 13. Nxd7 Nxd7 14. Bxh7+ Kh8
15. Bf5 cxd4 16. exd4 Bf6 17. Qd3 g6 18. Qh3+ 1-0

[Event "C.to Regionale Lombardia"]
[Site "Saronno ITA"]
[Date "2013.05.26"]
[Round "5"]
[White "Pino, Nicola"]
[Black "Fantina, Carla"]
[WhiteElo "1742"]
[BlackElo "1431"]
[Result "1-0"]
[PlyCount "99"]
[EventDate "2013.05.24"]

1. e4 d6 2. d4 Nf6 3. Nc3 g6 4. Bf4 Bg7 5. Qd2 h6 6. h3 Nh5 7. Be3 Nd7 8. Be2
Nhf6 9. f4 c6 10. Nf3 Nh5 11. Bf2 b5 12. a3 a5 13. e5 dxe5 14. dxe5 f5 15. g4
Nxf4 16. Qxf4 fxg4 17. hxg4 Nf8 18. Qe4 Be6 19. Qxc6+ Bd7 20. Qe4 Rb8 21. Nh4
Qc8 22. Nxg6 Bc6 23. Qd3 Bxh1 24. Nxh8 Bxh8 25. Qh3 Qc6 26. O-O-O Be4 27. Nxe4
Qxe4 28. Bd3 Qxe5 29. Qh5+ Qxh5 30. gxh5 Bf6 31. Bg3 Rb7 32. Be4 Rd7 33. Bc6
Bg5+ 34. Kb1 Kd8 35. Bxd7 Nxd7 36. Rd5 Ke8 37. Rxb5 Kf7 38. Rxa5 Kf6 39. b4 Bd2
40. Bh4+ Kf7 41. c4 Nb6 42. c5 Nc4 43. Ra7 Bg5 44. Bg3 Nd2+ 45. Ka2 Ke8 46. c6
Ne4 47. Ra8+ Kf7 48. c7 Nxg3 49. c8=Q Bf6 50. Qg8# 1-0

[Event "C.to Regionale Lombardia"]
[Site "Saronno ITA"]
[Date "2013.05.26"]
[Round "5"]
[White "Prevedello, Daniele"]
[Black "Longo, Giovanni"]
[WhiteElo "1713"]
[BlackElo "1634"]
[Result "1-0"]
[PlyCount "63"]
[EventDate "2013.05.24"]

1. d4 d5 2. c4 c6 3. Nc3 Nf6 4. Nf3 e6 5. cxd5 exd5 6. Bg5 Be7 7. e3 O-O 8. Bd3
Bg4 9. O-O Nbd7 10. Be2 h6 11. Bh4 Re8 12. a3 Bd6 13. b4 a6 14. Nd2 Bxe2 15.
Qxe2 Qc7 16. Bg3 Re6 17. Bxd6 Qxd6 18. Nb3 Rae8 19. Nc5 Nxc5 20. bxc5 Qe7 21.
Rfb1 Ne4 22. Nxe4 Rxe4 23. Qf3 Qc7 24. Rb6 Ra8 25. Rab1 Ra7 26. a4 Rh4 27. Qg3
Qxg3 28. hxg3 Re4 29. Rxb7 Re7 30. Rxa7 Rxa7 31. Rb8+ Kh7 32. Rb6 1-0

[Event "C.to Regionale Lombardia"]
[Site "Saronno ITA"]
[Date "2013.05.26"]
[Round "5"]
[White "Romagnoli, Thomas"]
[Black "Ronconi, Fausto"]
[WhiteElo "1693"]
[BlackElo "1674"]
[Result "1/2-1/2"]
[PlyCount "83"]
[EventDate "2013.05.24"]

1. e4 e6 2. d4 d5 3. Nc3 dxe4 4. Nxe4 Nd7 5. Nf3 Ngf6 6. Bd3 b6 7. c3 Bb7 8.
Qc2 Be7 9. Bg5 Nxe4 10. Bxe7 Qxe7 11. Bxe4 Bxe4 12. Qxe4 O-O 13. O-O Nf6 14.
Qh4 Nd5 15. Qxe7 Nxe7 16. Rad1 Rfd8 17. Rfe1 g6 18. Rd2 Rd6 19. Red1 Rad8 20.
Ng5 Kg7 21. Ne4 R6d7 22. Kf1 Nd5 23. Ke1 Nf6 24. Nxf6 Kxf6 25. Ke2 Ke7 26. Rd3
f6 27. c4 c6 28. Ke3 g5 29. b3 f5 30. a4 a5 31. R1d2 c5 32. dxc5 Rxd3+ 33. Rxd3
Rxd3+ 34. Kxd3 bxc5 35. Ke3 Kd6 36. h3 e5 37. g3 h5 38. f3 Ke6 39. g4 hxg4 40.
hxg4 Kf6 41. Kd3 fxg4 42. fxg4 1/2-1/2

[Event "C.to Regionale Lombardia"]
[Site "Saronno ITA"]
[Date "2013.05.26"]
[Round "5"]
[White "Scovazzi, Tullio"]
[Black "Marcantognini, Denis"]
[WhiteElo "1679"]
[BlackElo "1407"]
[Result "1-0"]
[PlyCount "151"]
[EventDate "2013.05.24"]

1. e4 c5 2. d4 cxd4 3. c3 dxc3 4. Nxc3 Nc6 5. Nf3 e6 6. Bc4 g6 7. O-O Bg7 8.
Qe2 Nge7 9. Rd1 d6 10. Nb5 O-O 11. Nxd6 Qb6 12. Bb3 Ne5 13. Nxe5 Bxe5 14. Nc4
Qa6 15. Qf3 Bg7 16. Rb1 b6 17. Qg3 Bb7 18. f3 Rad8 19. Qe1 Nc6 20. Bg5 Rxd1 21.
Qxd1 Qb5 22. h4 Qc5+ 23. Be3 Bd4 24. Bxd4 Nxd4 25. Kh1 Nxb3 26. axb3 Qf2 27.
Qe1 Qc5 28. Rd1 Ba6 29. Rd7 b5 30. Qe3 Qxe3 31. Nxe3 Ra8 32. Nc2 Kg7 33. Nb4
Bc8 34. Rc7 a5 35. Nc6 Kf6 36. Nxa5 Rxa5 37. Rxc8 Ra2 38. Rc5 Rxb2 39. Rxb5 h5
40. Kg1 Rb1+ 41. Kf2 Rb2+ 42. Kg3 e5 43. Rb6+ Ke7 44. Kh3 Rf2 45. b4 Rb2 46. g4
hxg4+ 47. Kxg4 Rg2+ 48. Kh3 Rf2 49. Kg3 Rf1 50. b5 Rg1+ 51. Kh2 Rb1 52. Rb7+
Kf6 53. b6 Kg7 54. Rb8 Rb3 55. b7 Rb2+ 56. Kg3 Rb1 57. Kf2 Rb2+ 58. Ke3 Rb3+
59. Kd2 Rb6 60. Kc3 Rb1 61. Kc4 Rc1+ 62. Kd5 Rd1+ 63. Kxe5 Rb1 64. Kd6 Rd1+ 65.
Ke7 Rb1 66. f4 Rb4 67. e5 Rb6 68. Kd7 Rb4 69. Kd6 Rb6+ 70. Kc7 Rb2 71. Rc8 Rc2+
72. Kd8 Rd2+ 73. Ke7 Rf2 74. b8=Q Rxf4 75. Rg8+ Kh6 76. Rh8+ 1-0

[Event "C.to Regionale Lombardia"]
[Site "Saronno ITA"]
[Date "2013.05.26"]
[Round "5"]
[White "Sorcinelli, Francesco"]
[Black "Motola, Jacopo"]
[WhiteElo "2198"]
[BlackElo "2029"]
[Result "1/2-1/2"]
[PlyCount "74"]
[EventDate "2013.05.24"]

1. e4 c5 2. Nf3 d6 3. c3 Nf6 4. h3 g6 5. Bd3 Bg7 6. O-O O-O 7. Bc2 Nc6 8. d4
cxd4 9. cxd4 Nb4 10. Nc3 Nxc2 11. Qxc2 Bd7 12. Re1 Rc8 13. Bg5 Be6 14. Qd2 Re8
15. Bh6 Bh8 16. Rad1 Qa5 17. Ng5 Bd7 18. e5 Nd5 19. Nxd5 Qxd5 20. Qf4 Bc6 21.
f3 f6 22. exf6 Bxf6 23. Ne4 Bxd4+ 24. Kh1 Be5 25. Qg4 Qxa2 26. Nf2 Qb3 27. Rxe5
dxe5 28. Qg3 Qe6 29. Re1 e4 30. Nxe4 Bxe4 31. Rxe4 Qd5 32. Re5 Qf7 33. Re4 e5
34. Rxe5 Rxe5 35. Qxe5 Re8 36. Qd4 b6 37. Bd2 Rc8 1/2-1/2

[Event "C.to Regionale Lombardia"]
[Site "Saronno ITA"]
[Date "2013.05.26"]
[Round "5"]
[White "Squillante, Michele"]
[Black "Cagnotto, Marco"]
[WhiteElo "1739"]
[BlackElo "1487"]
[Result "0-1"]
[PlyCount "75"]
[EventDate "2013.05.24"]

1. d4 Nf6 2. Nf3 g6 3. Bg5 Bg7 4. Nbd2 O-O 5. c3 d6 6. e4 c5 7. dxc5 dxc5 8.
Be2 Nc6 9. O-O Bg4 10. h3 Bxf3 11. Bxf6 Bxe2 12. Bxe7 Bxd1 13. Bxd8 Raxd8 14.
Rfxd1 Ne5 15. Nb3 b6 16. Kf1 Nc6 17. Ke2 Rxd1 18. Rxd1 Rd8 19. Nd2 Bh6 20. Nc4
Rxd1 21. Kxd1 Bf8 22. f4 f6 23. Ne3 Ne7 24. Nd5 Nxd5 25. exd5 Kf7 26. c4 Bd6
27. g3 g5 28. fxg5 f5 29. g4 fxg4 30. hxg4 Kg6 31. Ke2 Kxg5 32. Kf3 h6 33. b3
a5 34. a3 Bc7 35. b4 axb4 36. axb4 cxb4 37. d6 Bxd6 38. c5 0-1

[Event "C.to Regionale Lombardia"]
[Site "Saronno ITA"]
[Date "2013.05.26"]
[Round "5"]
[White "Tagliaferri, Valerio"]
[Black "Pozzi, Luca"]
[WhiteElo "1849"]
[BlackElo "1467"]
[Result "0-1"]
[PlyCount "94"]
[EventDate "2013.05.24"]

1. c4 Nf6 2. Nc3 e6 3. e4 Nc6 4. a3 d5 5. d3 dxe4 6. dxe4 Qxd1+ 7. Kxd1 Ng4 8.
Ke1 Bc5 9. Nh3 Nd4 10. Bd3 Ne5 11. Bb1 Nb3 12. Ba2 Nxc1 13. Rxc1 Nd3+ 14. Ke2
Nxc1+ 15. Rxc1 Bd7 16. b4 Be7 17. e5 O-O 18. f4 a5 19. c5 axb4 20. axb4 Bb5+
21. Nxb5 Rxa2+ 22. Kf3 b6 23. Nxc7 bxc5 24. bxc5 Rc8 25. Nb5 Rxc5 26. Rb1 f5
27. exf6 gxf6 28. Nd4 Rc3+ 29. Ke4 Kf7 30. Rg1 f5+ 31. Nxf5 Ra4+ 32. Nd4 Bf6
33. Ng5+ Bxg5 34. fxg5 Kg6 35. h4 Rg3 36. Rh1 Rg4+ 37. Ke5 Raxd4 38. h5+ Kxg5
39. Kxe6 Rge4+ 40. Kf7 Rd7+ 41. Kf8 Rde7 42. Rf1 Re8+ 43. Kg7 R4e7+ 44. Rf7
Rxf7+ 45. Kxf7 Re2 46. g4 h6 47. Kg7 Re4 0-1

[Event "C.to Regionale Lombardia"]
[Site "Saronno ITA"]
[Date "2013.05.26"]
[Round "5"]
[White "Vignati, Andrea"]
[Black "Puppi, Simone"]
[WhiteElo "1454"]
[BlackElo "1559"]
[Result "1/2-1/2"]
[PlyCount "169"]
[EventDate "2013.05.24"]

1. e4 c5 2. Nf3 Nc6 3. Bb5 d6 4. d4 cxd4 5. Nxd4 Bd7 6. Nxc6 bxc6 7. Ba4 g6 8.
O-O Bg7 9. Nc3 Qc7 10. Qd3 Nf6 11. Be3 O-O 12. Qd2 Ng4 13. Bg5 d5 14. Bf4 e5
15. Bg3 d4 16. Ne2 Rab8 17. Bb3 Nf6 18. Qxd4 exd4 19. Bxc7 Rbc8 20. Be5 c5 21.
Bxf6 Bxf6 22. Bd5 Rb8 23. Rab1 Rfe8 24. b3 Bd8 25. Nc1 Ba5 26. Nd3 Bb5 27. a4
Ba6 28. Rfd1 Bxd3 29. cxd3 Kg7 30. f4 Rbd8 31. Bc4 f6 32. Kf2 Rh8 33. Kf3 h5
34. g3 g5 35. f5 g4+ 36. Kf4 Bc7+ 37. e5 Bxe5+ 38. Ke4 Rhe8 39. Be6 Rh8 40.
Rbc1 Bd6 41. Rg1 Kh6 42. Rh1 Rh7 43. Rcg1 Rg7 44. h3 gxh3 45. Rxh3 Rg4+ 46. Kf3
Rh8 47. Rh4 Kg5 48. Rxg4+ hxg4+ 49. Kg2 Rh3 50. Kf2 Rh2+ 51. Rg2 Rh1 52. Rg1
Rh3 53. Bd7 Kh6 54. Bc6 Kg7 55. Bd7 Kf7 56. Be6+ Ke7 57. Bd5 Kd8 58. Be6 Kc7
59. Bc4 Kb6 60. Bd5 Ka5 61. Bc4 Kb4 62. Be6 Kc3 63. Bc4 Kd2 64. Rg2 Bf8 65. Bb5
Kc3 66. Bc4 Bh6 67. Ke2 Rh1 68. Bd5 Be3 69. Be6 Rb1 70. Bc4 Rb2+ 71. Kf1 Rxg2
72. Kxg2 Kd2 73. Bb5 Kc3 74. Bc4 a6 75. Bxa6 Kxb3 76. Bb5 Bd2 77. Kf1 Ba5 78.
Ke2 Bc7 79. Kf2 Kb4 80. Kg2 Ka5 81. Be8 Kb4 82. Bb5 Kc3 83. Bc4 Kc2 84. Bb5 Kb2
85. Bc4 1/2-1/2